000 00315nam a2200121Ia 4500
008 190216s9999||||xx |||||||||||||| ||und||
100 _aMajor Mehar Singh&Amp; Sarna D
245 0 _aIndian-Airlines Examination
260 _bBright Careers
_c1984
300 _a110p
650 _aAir Lines Examination
942 _cREF
999 _c35537
_d35537